00657nam a2200205 a 450000100060000000300080000600500170001400800390003103500190007004000320008904100080012108200250012910000210015424500790017525000120025426000700026630000330033650400410036965100410041025897BD-RjUL20211209050937.0140319s1984 bg b 000 0 eng a(BD-RjUL)25967 aDLCcDLCdDLCdBD-RjULbeng aeng00a954.92219bCHI 19841 aChoudhury, A. K.14aThe independence of East Bengal :ba historical process /cA.K. Choudhury. a1st ed. aDhaka, Bangladesh :bDistributors, Jatiya Grantha Kendra,c1984. aviii, 284, xiii p. ;c23 cm. aIncludes bibliographical references. 0aBangladeshxPolitics and government.